[Event "Plovdiv Radulski Memorial 3rd"]
[Site "Plovdiv"]
[Date "2017.10.29"]
[Round "6"]
[White "Dimitrov, Pavel"]
[Black "Panbukchian, Valentin"]
[Result "1/2-1/2"]
[WhiteElo "2278"]
[BlackElo "2377"]
[PlyCount "126"]
[EventDate "2017.10.29"]
[EventType "swiss (rapid)"]
[EventRounds "9"]
[EventCountry "BUL"]
[SourceTitle "CBM 181 Extra"]
[Source "ChessBase"]
[SourceDate "2017.12.12"]
[SourceVersion "1"]
[SourceVersionDate "2017.12.12"]
[SourceQuality "1"]

1. e4 d5 2. exd5 Qxd5 3. Nc3 Qd6 4. d4 Nf6 5. Nf3 a6 6. g3 Bg4 7. Bg2 Nc6 8. 0-0 0-0-0 9. Bf4 Qb4 10. Ne2 Bxf3 11. Bxf3 Nxd4 12. Nxd4 Rxd4 13. Qe2 Rxf4 14. gxf4 Qxf4 15. Rad1 e6 16. Rd3 Bd6 17. Rfd1 Qxh2+ 18. Kf1 Qe5 19. Re3 Qb5 20. c4 Qc5 21. b4 Qxb4 22. Rb3 Qc5 23. Rxb7 Kd7 24. Qc2 Ke7 25. Qa4 Nd7 26. Qxa6 Ne5 27. Be2 Rd8 28. Rb5 Qc6 29. Qxc6 Nxc6 30. c5 Be5 31. Rxd8 Kxd8 32. a4 Bc3 33. Bf3 Na5 34. Rb8+ Ke7 35. Rc8 Be5 36. Ra8 Bc3 37. Ra7 Kd7 38. Be2 f5 39. Bb5+ Kc8 40. Ra8+ Kb7 41. Re8 e5 42. Re7 e4 43. Rf7 Bf6 44. Bd7 Nb3 45. Bxf5 Nxc5 46. Bxh7 Nxa4 47. Bxe4+ Kb6 48. Ke2 Nc5 49. Bc2 Nb7 50. Rf8 Nd6 51. Rb8+ Kc5 52. Ra8 Kd4 53. Ra4+ Kc3 54. Bg6 c5 55. Ra3+ Kb4 56. Ra6 Nb5 57. Rb6 Ka5 58. Rb8 c4 59. Bf7 Nd4+ 60. Ke3 c3 61. Rc8 c2 62. Kd3 Kb4 63. Rc4+ Ka3 1/2-1/2

[Event "Varna 10th"]
[Site "Varna"]
[Date "2016.07.02"]
[Round "6"]
[White "Bernadskiy, Vitaliy"]
[Black "Panbukchian, Valentin"]
[Result "1-0"]
[WhiteElo "2521"]
[BlackElo "2308"]
[PlyCount "85"]
[EventDate "2016.06.27"]
[EventType "tourn"]
[EventRounds "7"]
[EventCountry "BUL"]
[EventCategory "6"]
[SourceTitle "CBM 173 Extra"]
[Source "ChessBase"]
[SourceDate "2016.08.29"]
[SourceVersion "1"]
[SourceVersionDate "2016.08.29"]
[SourceQuality "1"]

1. b3 d5 2. Bb2 Bg4 3. f3 Bh5 4. e3 c6 5. Ne2 f6 6. d4 Nd7 7. Nbc3 e6 8. Qd2 Bd6 9. e4 Ne7 10. Qe3 Qc7 11. g3 0-0 12. Bg2 Rfe8 13. 0-0 b5 14. a3 a5 15. Bh3 Bf7 16. Rac1 Rab8 17. Qf2 Qa7 18. Kh1 Ng6 19. Rce1 Nb6 20. Ra1 Qc7 21. f4 e5 22. dxe5 fxe5 23. f5 Nf8 24. exd5 Nxd5 25. Ne4 Nf6 26. Nxf6+ gxf6 27. Nc3 Nd7 28. Rad1 Be7 29. Ne4 a4 30. Qe3 axb3 31. cxb3 c5 32. g4 Nb6 33. g5 Nd5 34. Qg3 Kh8 35. g6 Nf4 36. gxf7 Rf8 37. Nxf6 Qc6+ 38. Nd5 Nxd5 39. Bg2 Bf6 40. Bxd5 Qc7 41. Rg1 Rxf7 42. Bxf7 Qxf7 43. Bxe5 1-0

[Event "Varna op-A 9th"]
[Site "Varna"]
[Date "2015.07.01"]
[Round "6"]
[White "Panbukchian, Valentin"]
[Black "Georgiev, Todor"]
[Result "1/2-1/2"]
[WhiteElo "2322"]
[BlackElo "2105"]
[PlyCount "114"]
[EventDate "2015.06.26"]
[EventType "swiss"]
[EventRounds "9"]
[EventCountry "BUL"]
[SourceTitle "CBM 167 Extra"]
[Source "ChessBase"]
[SourceDate "2015.09.14"]
[SourceVersion "1"]
[SourceVersionDate "2015.09.14"]
[SourceQuality "1"]

1. e4 c5 2. Nc3 Nc6 3. g3 g6 4. Bg2 Bg7 5. d3 d6 6. Bg5 Rb8 7. Nge2 b5 8. Qc1 Qb6 9. 0-0 e6 10. Kh1 b4 11. Nd1 a5 12. Rb1 Ba6 13. b3 Bb5 14. Nb2 Qa6 15. Re1 Nge7 16. Nc4 Bxc4 17. dxc4 0-0 18. Bh6 Rbe8 19. Rd1 Rd8 20. Bxg7 Kxg7 21. a3 Qb6 22. axb4 axb4 23. Ra1 e5 24. f4 f6 25. Ra4 Qb7 26. Qd2 Ra8 27. Rxa8 Rxa8 28. h4 h6 29. Kh2 Qb6 30. Rf1 Nd4 31. Nxd4 cxd4 32. Qf2 Rf8 33. g4 Qb8 34. Qg3 g5 35. f5 Qb7 36. Bf3 Ra8 37. Qe1 Ra2 38. Qd2 Qb6 39. Kg3 Ra8 40. Rh1 Rh8 41. Be2 Qb7 42. Bd3 Qb8 43. Kf3 Qb7 44. Rh3 Qb8 45. Rh1 Qb7 46. Qh2 Qc8 47. Ke2 Qb8 48. Kd2 Qc8 49. Be2 Nc6 50. Kd3 Na5 51. hxg5 hxg5 52. Qg1 Nb7 53. Kd2 Nc5 54. Bd3 Qa8 55. Qg2 Rxh1 56. Qxh1 Qh8 57. Qxh8+ Kxh8 1/2-1/2

[Event "Varna op-A 8th"]
[Site "Varna"]
[Date "2014.06.24"]
[Round "6"]
[White "Asgarov, Mushfig Nizami"]
[Black "Panbukchian, Valentin"]
[Result "1/2-1/2"]
[WhiteElo "2192"]
[BlackElo "2335"]
[PlyCount "102"]
[EventDate "2014.06.19"]
[EventType "swiss"]
[EventRounds "9"]
[EventCountry "BUL"]
[SourceTitle "CBM 161 Extra"]
[Source "ChessBase"]
[SourceDate "2014.08.29"]
[SourceVersion "1"]
[SourceVersionDate "2014.08.29"]
[SourceQuality "1"]

1. e4 e6 2. d4 d5 3. Nd2 Be7 4. Bd3 c5 5. dxc5 Nf6 6. e5 Nfd7 7. Ndf3 Nc6 8. Bf4 Nxc5 9. a3 Bd7 10. Ne2 Rc8 11. h4 h6 12. h5 a6 13. 0-0 Qc7 14. b4 Na4 15. Ned4 Nc3 16. Qe1 Nxd4 17. Nxd4 a5 18. bxa5 Qxa5 19. Bd2 Qc5 20. Be3 Qc7 21. f4 0-0 22. Kh1 f6 23. Qg3 Ne4 24. Qg6 fxe5 25. Nxe6 Bxe6 26. Qxe6+ Kh8 27. Bxe4 dxe4 28. fxe5 Bc5 29. Rxf8+ Rxf8 30. Bxc5 Qxc5 31. Qd6 Qf2 32. Qd7 e3 33. Qd4 Qg3 34. Qd3 Qxe5 35. Re1 Re8 36. Qe2 Qc5 37. a4 Re5 38. Kg1 Qd4 39. Rf1 Kg8 40. Qd3 Qxd3 41. cxd3 Rxh5 42. Re1 Re5 43. Kf1 Kf7 44. Ke2 Kf6 45. Rb1 Re7 46. Rb5 Kf7 47. Rb6 Ke8 48. Rg6 Kd7 49. Rb6 Kc7 50. a5 Re5 51. Rg6 Re7 1/2-1/2

[Event "Golden Sands Europe op 3rd"]
[Site "Golden Sands"]
[Date "2014.06.17"]
[Round "8"]
[White "Matviishen, Viktor"]
[Black "Panbukchian, Valentin"]
[Result "1-0"]
[WhiteElo "2190"]
[BlackElo "2335"]
[PlyCount "97"]
[EventDate "2014.06.10"]
[EventType "swiss"]
[EventRounds "9"]
[EventCountry "BUL"]
[SourceTitle "CBM 160 Extra"]
[Source "ChessBase"]
[SourceDate "2014.07.01"]
[SourceVersion "1"]
[SourceVersionDate "2014.07.01"]
[SourceQuality "1"]

1. d4 Nf6 2. Nf3 e6 3. Bg5 Be7 4. e3 d6 5. Bd3 Nbd7 6. 0-0 0-0 7. Nbd2 Re8 8. c3 Bf8 9. Qc2 h6 10. Bh4 g5 11. Bg3 Nh5 12. h3 Nxg3 13. fxg3 Bg7 14. Rf2 Rf8 15. Raf1 Qe7 16. g4 Nf6 17. Ne1 Bd7 18. Ne4 Nd5 19. Rf3 Rac8 20. Qb3 c5 21. dxc5 dxc5 22. c4 Nb4 23. Nf6+ Bxf6 24. Rxf6 Kg7 25. a3 Nc6 26. Qc3 e5 27. Be4 Nd8 28. Nd3 Re8 29. Bd5 Qxf6 30. Rxf6 Kxf6 31. Qa5 Ne6 32. Bxb7 Rb8 33. Qxa7 Red8 34. Bd5 Rb3 35. Nxc5 Nxc5 36. Qxc5 Be6 37. Qc7 Rc8 38. Qd6 Rxb2 39. a4 Rbb8 40. e4 Rd8 41. Qc5 Rb2 42. a5 Rdb8 43. a6 Ra2 44. a7 Rb1+ 45. Kh2 Bxd5 46. exd5 Kg7 47. d6 Rbb2 48. Qxe5+ f6 49. Qxb2 1-0

[Event "Rochefort op 13th"]
[Site "Rochefort"]
[Date "2014.02.22"]
[Round "7"]
[White "Panbukchian, Valentin"]
[Black "Antoli Royo, Joaquin Miguel"]
[Result "1-0"]
[WhiteElo "2309"]
[BlackElo "2413"]
[PlyCount "81"]
[EventDate "2014.02.22"]
[EventType "swiss"]
[EventRounds "9"]
[EventCountry "FRA"]
[SourceTitle "CBM 159 Extra"]
[Source "ChessBase"]
[SourceDate "2014.04.24"]
[SourceVersion "1"]
[SourceVersionDate "2014.04.24"]
[SourceQuality "1"]

1. f4 c5 2. Nf3 Nc6 3. g3 d6 4. d3 g6 5. Bg2 e5 6. Nc3 Bg7 7. 0-0 Nge7 8. e4 0-0 9. Kh1 Nd4 10. Be3 Bd7 11. Qd2 Bc6 12. Rf2 exf4 13. Bxf4 d5 14. Ne5 Ne6 15. Nxc6 bxc6 16. Bh6 Qd6 17. Raf1 Rad8 18. Bh3 Qe5 19. Bxg7 Kxg7 20. Bxe6 Qxe6 21. Na4 c4 22. Qc3+ d4 23. Qxc4 Qxc4 24. dxc4 Nc8 25. Nc5 Kg8 26. b3 h5 27. Kg2 Nd6 28. Rd1 Ne8 29. Rfd2 Nf6 30. Rxd4 Rde8 31. Kf3 Re5 32. b4 Rfe8 33. Rd8 Kg7 34. Rxe8 Rxe8 35. h3 g5 36. Ke3 Ng8 37. Rd7 Ne7 38. Kd4 Ng6 39. Rxa7 h4 40. gxh4 gxh4 41. Nd3 1-0

[Event "Rochefort op 13th"]
[Site "Rochefort"]
[Date "2014.02.22"]
[Round "4"]
[White "Solodovnichenko, Yuri"]
[Black "Panbukchian, Valentin"]
[Result "1-0"]
[WhiteElo "2586"]
[BlackElo "2309"]
[PlyCount "87"]
[EventDate "2014.02.22"]
[EventType "swiss"]
[EventRounds "9"]
[EventCountry "FRA"]
[SourceTitle "CBM 159 Extra"]
[Source "ChessBase"]
[SourceDate "2014.04.24"]
[SourceVersion "1"]
[SourceVersionDate "2014.04.24"]
[SourceQuality "1"]

1. e4 d5 2. exd5 Qxd5 3. Nc3 Qd6 4. d4 Nf6 5. Nf3 a6 6. g3 b5 7. Bg2 Bb7 8. 0-0 e6 9. Ne5 Bxg2 10. Kxg2 b4 11. Qf3 c6 12. Bf4 bxc3 13. Nxf7 Qd5 14. Nxh8 Bb4 15. Bxb8 Rxb8 16. bxc3 Bxc3 17. Rab1 Rd8 18. Rb7 Nd7 19. Rd1 Qxf3+ 20. Kxf3 a5 21. Rc7 Ke7 22. Rxc6 Bb4 23. c3 Bd6 24. c4 Rxh8 25. c5 Bb8 26. Re1 e5 27. d5 Kf7 28. Rb1 Rd8 29. Rb7 Kf8 30. a4 e4+ 31. Kxe4 Nf6+ 32. Rxf6+ gxf6 33. d6 Bxd6 34. cxd6 Rxd6 35. Rxh7 Rd2 36. f4 Ra2 37. Kf5 Rxa4 38. Kxf6 Ke8 39. Ra7 Kd8 40. h4 Kc8 41. h5 Kb8 42. Rg7 Ra1 43. h6 Rh1 44. h7 1-0

[Event "BUL-chT GpA 63rd"]
[Site "Sunny Beach"]
[Date "2013.09.23"]
[Round "5.4"]
[White "Panbukchian, Valentin"]
[Black "Ivanov, Jordan"]
[Result "1/2-1/2"]
[WhiteElo "2330"]
[BlackElo "2385"]
[PlyCount "79"]
[EventDate "2013.09.19"]
[EventType "team-tourn"]
[EventRounds "7"]
[EventCountry "BUL"]
[SourceTitle "CBM 156 Extra"]
[Source "ChessBase"]
[SourceDate "2013.10.22"]
[SourceVersion "1"]
[SourceVersionDate "2013.10.22"]
[SourceQuality "1"]
[WhiteTeam "Radnevo Maritsa Iztok"]
[BlackTeam "Sofia Lokomotiv"]
[WhiteTeamCountry "BUL"]
[BlackTeamCountry "BUL"]

1. f4 c5 2. Nf3 Nc6 3. g3 g6 4. Bg2 Bg7 5. 0-0 Nf6 6. d3 0-0 7. e4 d6 8. Nbd2 Rb8 9. Re1 b5 10. Nf1 b4 11. e5 Nd5 12. h3 dxe5 13. fxe5 Nd4 14. N1d2 Bb7 15. Nxd4 cxd4 16. Nb3 Nc7 17. Bxb7 Rxb7 18. a3 a5 19. Nxa5 Rb5 20. Nc4 bxa3 21. Rxa3 Nd5 22. Bd2 Qd7 23. Kh2 Nb6 24. Nxb6 Rxb6 25. b3 Rb5 26. Ra5 Rxa5 27. Bxa5 Qb5 28. Bd2 Bxe5 29. Qe2 Bg7 30. Qxe7 Qc6 31. Bb4 Qxc2+ 32. Qe2 Qxe2+ 33. Rxe2 Rb8 34. Bd6 Rd8 35. Bc5 Bf8 36. Bb6 Rd6 37. Bc5 Rd5 38. Ba7 f5 39. Re8 Kf7 40. Rc8 1/2-1/2

[Event "BUL-chT GpA 63rd"]
[Site "Sunny Beach"]
[Date "2013.09.21"]
[Round "3.4"]
[White "Nikolov, Sasho"]
[Black "Panbukchian, Valentin"]
[Result "1-0"]
[WhiteElo "2382"]
[BlackElo "2330"]
[PlyCount "95"]
[EventDate "2013.09.19"]
[EventType "team-tourn"]
[EventRounds "7"]
[EventCountry "BUL"]
[SourceTitle "CBM 156 Extra"]
[Source "ChessBase"]
[SourceDate "2013.10.22"]
[SourceVersion "1"]
[SourceVersionDate "2013.10.22"]
[SourceQuality "1"]
[WhiteTeam "Dupnitsa Marek Union"]
[BlackTeam "Radnevo Maritsa Iztok"]
[WhiteTeamCountry "BUL"]
[BlackTeamCountry "BUL"]

1. e4 e6 2. d4 d5 3. Nc3 Bb4 4. e5 Ne7 5. a3 Bxc3+ 6. bxc3 b6 7. Nf3 h6 8. a4 a5 9. Ba3 Nd7 10. Bb5 Ba6 11. 0-0 Bxb5 12. axb5 Nf8 13. Qd3 Nfg6 14. c4 Nf4 15. Qd2 g5 16. Bxe7 Kxe7 17. c5 Qg8 18. g3 Nh3+ 19. Kg2 g4 20. Nh4 Ng5 21. Qf4 Ne4 22. c4 Qg5 23. cxd5 exd5 24. Rfc1 Rac8 25. Qf5 Qxf5 26. Nxf5+ Ke6 27. Ng7+ Ke7 28. Rc2 f6 29. exf6+ Nxf6 30. Rac1 Kd7 31. Nf5 h5 32. Ne3 Rhf8 33. h3 gxh3+ 34. Kxh3 Ne4 35. Kg2 bxc5 36. dxc5 Ke6 37. Re1 Rb8 38. f3 Nf6 39. Nc4+ Kf7 40. Ne5+ Kg7 41. Rb1 Rb7 42. Nc6 Ra8 43. Nd4 a4 44. c6 Rba7 45. Ne6+ Kf7 46. Nxc7 Rg8 47. b6 Ra5 48. Nb5 1-0

[Event "BUL-chT GpA 63rd"]
[Site "Sunny Beach"]
[Date "2013.09.19"]
[Round "1.4"]
[White "Nikolov, Momchil"]
[Black "Panbukchian, Valentin"]
[Result "1-0"]
[WhiteElo "2539"]
[BlackElo "2330"]
[PlyCount "89"]
[EventDate "2013.09.19"]
[EventType "team-tourn"]
[EventRounds "7"]
[EventCountry "BUL"]
[SourceTitle "CBM 156 Extra"]
[Source "ChessBase"]
[SourceDate "2013.10.22"]
[SourceVersion "1"]
[SourceVersionDate "2013.10.22"]
[SourceQuality "1"]
[WhiteTeam "Razgrad Abritus"]
[BlackTeam "Radnevo Maritsa Iztok"]
[WhiteTeamCountry "BUL"]
[BlackTeamCountry "BUL"]

1. d4 f5 2. g3 g6 3. Bg2 Bg7 4. Nf3 d6 5. c4 a5 6. b3 Nc6 7. Bb2 Nh6 8. Nc3 0-0 9. d5 Nb4 10. Qd2 Bd7 11. 0-0 c6 12. Rad1 Qc7 13. Nd4 Ng4 14. a3 Na6 15. e4 fxe4 16. Nxe4 Qb6 17. Ng5 Nc7 18. h3 Nf6 19. Qd3 Nh5 20. Rd2 Bf6 21. Ne4 Bh8 22. dxc6 bxc6 23. c5 Qa6 24. cxd6 exd6 25. Qc2 Ne8 26. Nxd6 Nxd6 27. Nxc6 Bxb2 28. Rxd6 Bxc6 29. Qxb2 Rad8 30. Rxc6 Qa7 31. Rfc1 Rf7 32. Rc8 Rfd7 33. Rxd8+ Rxd8 34. Qe5 Qd4 35. Qxd4 Rxd4 36. Rc5 a4 37. b4 Rd3 38. b5 Nf6 39. b6 Kf7 40. b7 Rb3 41. Rc4 Rb1+ 42. Kh2 Ke7 43. Rxa4 Nd7 44. Ra8 Kd6 45. a4 1-0

[Event "Varna op 7th"]
[Site "Varna"]
[Date "2013.06.24"]
[Round "6"]
[White "Vedmediuc, Serghei"]
[Black "Panbukchian, Valentin"]
[Result "1/2-1/2"]
[WhiteElo "2460"]
[BlackElo "2331"]
[PlyCount "31"]
[EventDate "2013.06.19"]
[EventType "swiss"]
[EventRounds "9"]
[EventCountry "BUL"]
[SourceTitle "CBM 155 Extra"]
[Source "ChessBase"]
[SourceDate "2013.08.26"]
[SourceVersion "1"]
[SourceVersionDate "2013.08.26"]
[SourceQuality "1"]

1. e4 d5 2. exd5 Qxd5 3. Nc3 Qd6 4. d4 Nf6 5. Nf3 a6 6. Bd3 g6 7. Ne5 Nbd7 8. f4 Bg7 9. Be3 0-0 10. Qe2 c5 11. dxc5 Nxc5 12. Bc4 e6 13. Rd1 Qc7 14. 0-0 Rb8 15. Qf3 Nfd7 16. Nxd7 1/2-1/2

[Event "BUL-chT-A 62nd"]
[Site "Sunny Beach"]
[Date "2012.09.23"]
[Round "5.6"]
[White "Panbukchian, Valentin"]
[Black "Badev, Kiril"]
[Result "1/2-1/2"]
[WhiteElo "2334"]
[BlackElo "2338"]
[PlyCount "120"]
[EventDate "2012.09.19"]
[EventType "team-tourn"]
[EventRounds "7"]
[EventCountry "BUL"]
[SourceTitle "CBM 150 Extra"]
[Source "ChessBase"]
[SourceDate "2012.10.19"]
[SourceVersion "1"]
[SourceVersionDate "2012.10.19"]
[SourceQuality "1"]
[WhiteTeam "Plovdiv Lokomotiv 2000"]
[BlackTeam "Maritsa Iztok Radnevo"]
[WhiteTeamCountry "BUL"]
[BlackTeamCountry "BUL"]

1. f4 c5 2. Nf3 g6 3. g3 Bg7 4. Bg2 Nc6 5. d3 d6 6. 0-0 e5 7. Nc3 Nge7 8. e4 0-0 9. Kh1 Bd7 10. Be3 Nd4 11. Qd2 Bc6 12. Rae1 Qd7 13. Nh4 exf4 14. Bxf4 d5 15. e5 f5 16. exf6 Rxf6 17. Ne2 Ne6 18. Bh6 Rxf1+ 19. Rxf1 d4 20. Bxg7 Kxg7 21. Nf4 Rf8 22. Bxc6 Qxc6+ 23. Kg1 Nxf4 24. Rxf4 Rxf4 25. Qxf4 Qe6 26. Nf3 Nd5 27. Qd2 Ne3 28. c3 Qxa2 29. cxd4 Qa1+ 30. Kf2 Ng4+ 31. Kg2 cxd4 32. Nxd4 Qa6 33. Qe2 Nf6 34. Qe7+ Kh6 35. h4 Qb6 36. Qe3+ Kg7 37. Qe7+ Kh6 38. Qe3+ Kg7 39. g4 Qxb2+ 40. Kg3 Kf8 41. Qf4 Kg7 42. Qe5 Qc3 43. g5 Qxd3+ 44. Kf2 Qd2+ 45. Ne2 Qd8 46. Ke1 Kf7 47. gxf6 Qxf6 48. Qe4 Qe7 49. Qd5+ Kf8 50. Qd4 Ke8 51. Kf2 a5 52. Nc3 Kf7 53. Nd5 Qd6 54. Qc4 Qh2+ 55. Ke1 Qe5+ 56. Kd2 Kg7 57. Nc3 b6 58. Kc2 Kh6 59. Nd5 b5 60. Qd3 Kh5 1/2-1/2

[Event "BUL-chT-A 62nd"]
[Site "Sunny Beach"]
[Date "2012.09.21"]
[Round "3.6"]
[White "Panbukchian, Valentin"]
[Black "Genov, Petko"]
[Result "0-1"]
[WhiteElo "2334"]
[BlackElo "2462"]
[PlyCount "98"]
[EventDate "2012.09.19"]
[EventType "team-tourn"]
[EventRounds "7"]
[EventCountry "BUL"]
[SourceTitle "CBM 150 Extra"]
[Source "ChessBase"]
[SourceDate "2012.10.19"]
[SourceVersion "1"]
[SourceVersionDate "2012.10.19"]
[SourceQuality "1"]
[WhiteTeam "Plovdiv Lokomotiv 2000"]
[BlackTeam "Blagoevgrad Victory"]
[WhiteTeamCountry "BUL"]
[BlackTeamCountry "BUL"]

1. f4 g6 2. Nf3 Bg7 3. g3 c5 4. Bg2 Nc6 5. 0-0 d5 6. d3 e6 7. Nbd2 Nge7 8. e4 0-0 9. Qe2 b6 10. c3 a5 11. e5 Ba6 12. Rd1 a4 13. Nf1 Qd7 14. Qf2 f5 15. Be3 Rfd8 16. d4 Bxf1 17. Bxf1 c4 18. h3 b5 19. a3 h6 20. Be2 Kf7 21. Kh2 Rg8 22. Rg1 Raf8 23. Rg2 Ke8 24. Rag1 Kd8 25. Qe1 h5 26. Nh4 Rh8 27. Rh1 Rh6 28. Kg1 Rfh8 29. Bf2 Ng8 30. g4 hxg4 31. hxg4 Bf8 32. Rhh2 Qf7 33. gxf5 gxf5 34. Rg5 Nge7 35. Rgg2 Ng6 36. Nxg6 Rxh2 37. Nxh8 Rxh8 38. Bh4+ Be7 39. Bg3 Kd7 40. Qf2 Nd8 41. Rh2 Rxh2 42. Qxh2 Qg7 43. Kf2 Nf7 44. Qh5 Ke8 45. Bh4 Qh6 46. Qxh6 Nxh6 47. Bh5+ Kf8 48. Kg3 Ng8 49. Bg6 Bxa3 0-1

[Event "BUL-chT-A 62nd"]
[Site "Sunny Beach"]
[Date "2012.09.19"]
[Round "1.6"]
[White "Panbukchian, Valentin"]
[Black "Popchev, Milko"]
[Result "1/2-1/2"]
[WhiteElo "2334"]
[BlackElo "2444"]
[PlyCount "79"]
[EventDate "2012.09.19"]
[EventType "team-tourn"]
[EventRounds "7"]
[EventCountry "BUL"]
[SourceTitle "CBM 150 Extra"]
[Source "ChessBase"]
[SourceDate "2012.10.19"]
[SourceVersion "1"]
[SourceVersionDate "2012.10.19"]
[SourceQuality "1"]
[WhiteTeam "Plovdiv Lokomotiv 2000"]
[BlackTeam "Sofia Lokomotiv"]
[WhiteTeamCountry "BUL"]
[BlackTeamCountry "BUL"]

1. f4 d5 2. Nf3 g6 3. g3 Bg7 4. Bg2 Nh6 5. e3 0-0 6. 0-0 c6 7. d3 Bg4 8. h3 Bxf3 9. Qxf3 Nd7 10. Nc3 e6 11. e4 f5 12. Kh1 Nf7 13. Rd1 Qe7 14. e5 g5 15. Ne2 gxf4 16. gxf4 Nh8 17. Rg1 Ng6 18. Bf1 Kh8 19. Be3 Rg8 20. Bf2 Qf7 21. c4 Nb6 22. b3 Rad8 23. a4 Nc8 24. b4 Bf8 25. b5 c5 26. cxd5 exd5 27. d4 c4 28. h4 Be7 29. Qh3 Bf8 30. Bg2 Bh6 31. Bg3 Nce7 32. Raf1 Nf8 33. Bf2 Ne6 34. Be3 Rg7 35. Bf3 Rxg1+ 36. Rxg1 Ng6 37. Bh5 Ng7 38. Bf3 Ne6 39. Bh5 Ng7 40. Bf3 1/2-1/2

[Event "Kesarovski Georgiev Memorial 11th"]
[Site "Sunny Beach"]
[Date "2012.09.07"]
[Round "7"]
[White "Panbukchian, Valentin"]
[Black "Kubik, Michael"]
[Result "1-0"]
[WhiteElo "2334"]
[BlackElo "2138"]
[PlyCount "68"]
[EventDate "2012.09.01"]
[EventType "swiss"]
[EventRounds "9"]
[EventCountry "BUL"]
[SourceTitle "CBM 150 Extra"]
[Source "ChessBase"]
[SourceDate "2012.10.19"]
[SourceVersion "1"]
[SourceVersionDate "2012.10.19"]
[SourceQuality "1"]

1. e4 c6 2. d3 d5 3. Nd2 e5 4. Ngf3 Bd6 5. g3 Ne7 6. Bg2 0-0 7. 0-0 Bg4 8. c3 Nd7 9. Re1 f5 10. Qc2 fxe4 11. dxe4 Qb6 12. b4 a5 13. Rb1 axb4 14. cxb4 Rf6 15. a3 Raf8 16. Rb3 Bb8 17. a4 Ba7 18. Rf1 Qa6 19. Ra3 Qe2 20. Qb3 Kh8 21. h3 Bxf3 22. Bxf3 Qa6 23. Bd1 Bxf2+ 24. Kg2 Qb6 25. Qd3 Ng6 26. Be2 Qa7 27. a5 b6 28. Nb3 bxa5 29. bxa5 Bc5 30. Nxc5 Nxc5 31. a6 Qe7 32. Qb1 Qe8 33. a7 Qa8 34. Ba6 dxe4 1-0

[Event "Kesarovski Georgiev Memorial 11th"]
[Site "Sunny Beach"]
[Date "2012.09.04"]
[Round "4"]
[White "Taylor, Robert Graham"]
[Black "Panbukchian, Valentin"]
[Result "0-1"]
[WhiteElo "1929"]
[BlackElo "2334"]
[PlyCount "47"]
[EventDate "2012.09.01"]
[EventType "swiss"]
[EventRounds "9"]
[EventCountry "BUL"]
[SourceTitle "CBM 150 Extra"]
[Source "ChessBase"]
[SourceDate "2012.10.19"]
[SourceVersion "1"]
[SourceVersionDate "2012.10.19"]
[SourceQuality "1"]

1. c4 e5 2. Nc3 Nc6 3. g3 g6 4. Bg2 Bg7 5. d3 d6 6. e3 Nge7 7. Nge2 h5 8. a3 Be6 9. b4 Qd7 10. Nd5 e4 11. d4 Nxd5 12. cxd5 Bxd5 13. Nf4 Bc4 14. Bxe4 d5 15. Bf3 0-0-0 16. Bb2 Rhe8 17. Qd2 Ne7 18. 0-0-0 Nf5 19. Nd3 f6 20. Kb1 Nd6 21. Qc2 Bh6 22. Nc5 Qf7 23. Qa4 Kb8 24. Rhe1 0-1

[Event "Varna op 6th"]
[Site "Varna"]
[Date "2012.07.16"]
[Round "5"]
[White "Banov, Boil"]
[Black "Panbukchian, Valentin"]
[Result "1/2-1/2"]
[WhiteElo "2184"]
[BlackElo "2347"]
[PlyCount "93"]
[EventDate "2012.07.11"]
[EventType "swiss"]
[EventRounds "9"]
[EventCountry "BUL"]
[SourceTitle "CBM 149 Extra"]
[Source "ChessBase"]
[SourceDate "2012.08.24"]
[SourceVersion "1"]
[SourceVersionDate "2012.08.24"]
[SourceQuality "1"]

1. c4 e5 2. g3 Nc6 3. Bg2 g6 4. Nc3 Bg7 5. d3 d6 6. Nd5 Be6 7. Rb1 Qd7 8. b4 Nd8 9. b5 c6 10. bxc6 bxc6 11. Nc3 f5 12. Qc2 Ne7 13. Nf3 h6 14. 0-0 0-0 15. Ba3 g5 16. Nd2 h5 17. e3 Ng6 18. d4 Rc8 19. Ne2 Re8 20. dxe5 dxe5 21. Rfd1 Qf7 22. Bc5 g4 23. Qa4 Rc7 24. Rb8 Bf6 25. Ra8 Nb7 26. Rxe8+ Qxe8 27. Bxa7 Qa8 28. Bxc6 Nc5 29. Bxc5 Qxc6 30. Qxc6 Rxc6 31. Bb4 Bxc4 32. Nxc4 Rxc4 33. a3 Rc2 34. Rd2 Rc4 35. Kg2 h4 36. h3 hxg3 37. fxg3 gxh3+ 38. Kxh3 Bg5 39. Rd3 Rc2 40. Rd2 Rc7 41. Rd3 Kf7 42. Nc3 e4 43. Rd5 Kf6 44. Rd6+ Kg7 45. Rd5 Kf6 46. Rd6+ Kg7 47. Rd5 1/2-1/2

[Event "Varna op 6th"]
[Site "Varna"]
[Date "2012.07.14"]
[Round "4"]
[White "Panbukchian, Valentin"]
[Black "Bagaturov, Giorgi"]
[Result "0-1"]
[WhiteElo "2347"]
[BlackElo "2455"]
[PlyCount "84"]
[EventDate "2012.07.11"]
[EventType "swiss"]
[EventRounds "9"]
[EventCountry "BUL"]
[SourceTitle "CBM 149 Extra"]
[Source "ChessBase"]
[SourceDate "2012.08.24"]
[SourceVersion "1"]
[SourceVersionDate "2012.08.24"]
[SourceQuality "1"]

1. f4 c5 2. Nf3 Nc6 3. b3 g6 4. Bb2 Nf6 5. e3 Bg7 6. Be2 0-0 7. 0-0 d6 8. Na3 a6 9. Rb1 Qc7 10. d4 cxd4 11. exd4 b5 12. c4 bxc4 13. Nxc4 Nd5 14. Qd2 Qa7 15. Kh1 Bd7 16. Rbd1 a5 17. Ng5 a4 18. Bf3 Nb6 19. Rfe1 axb3 20. axb3 Nxc4 21. bxc4 Rab8 22. Ba1 Na5 23. Qd3 Bf5 24. Ne4 Qc7 25. g4 Rb3 26. Qe2 Bc8 27. c5 Bb7 28. Bg2 dxc5 29. Nxc5 Bxg2+ 30. Kxg2 Rb6 31. Qxe7 Qxf4 32. Re4 Qh6 33. Bc3 Nc4 34. Rf1 f5 35. Ref4 Rc6 36. Qe2 Nb6 37. Qa2+ Kh8 38. Bd2 Qh4 39. gxf5 Qe7 40. Ne6 Rxf5 41. Rxf5 gxf5 42. Re1 Qb7 0-1